000
00337nam a2200121 a 4500
005
20140414131952.0
008
110207s19uu xx 00 eng d
050
_a
TR 411
_b
C56 2002
100
_a
Hidalgo, Cristina Pantoja
245
_a
Be your own english teacher! puntuation.
260
_b
Miflores Publishing,
_c
2005.
999
_c
112818
_d
112818